000 01161nam0a2200289 i 4500
001 RU\NLR\BIBL_A\010406757
005 20260405214300.0
010 _a9785373060813
_93000
021 _aRU
_b2014-28346
_91746
035 _a(NLR Aleph) 010406757
090 _a9732930
_c9732930
100 _a20140619d2014 cm y0rusy50 ca
101 0 _arus
102 _aRU
105 _aa|||z|||000ay
200 1 _aСемь Симеонов
210 _aМосква
_cОЛМА Медиа Групп
_d2014
215 _a31 с.
_cцв. ил.
_d30
225 1 _aСказки Ученого Кота
423 0 _12001#$aДеревянный орел$e[для младшего школьного возраста$f[к сб. в целом:] рис. Дарьи Шарычевой
_1210##$aМосква$d2014
_1215##$aС. 18-31$cцв. ил.
_tДеревянный орел
686 0 _aШ9(2)3=Р-2я43
702 1 _4040
_8rus
_7ca
_aШарычева
_bД. С.
_cхудожник-иллюстратор
_gДарья С.
_3RU\NLR\auth\7797252
_980178
942 _cBOOK
980 _aNBR